000 00953nam a22002774a 4500
001 BIBLIOTECA MUNICIPAL DE BARRANCO
007 ta
008 t pe gr 00| 0 spa d
017 _a2013-19062
020 _a978-612-00-1444-8
040 _aBIBLIOTECA MUNICIPAL DE BARRANCO
041 _aspa
043 _cpe
082 _2252.68
_bE32C 2013.
100 _aEguren Anselmi, José AntonioMonseñor, 1956-
245 _aConstruid un Perú más justo y reconciliado :
_bhomilías y oraciones patrióticas /
_cMons. José Antonio Eguren Anselmi.
250 _a1a ed.
260 _aPiura :
_b[s.n.],
_c2013.
300 _a352 p. ;
_c20 cm.
504 _aIncluye referencias bibliográficas.
610 0 _97245
_aIglesia Católica-Sermones.
650 0 _97246
_aSermones-Perú.
650 0 _97247
_aIglesia y problemas sociales-Perú-Iglesia Católica.
650 0 _97248
_aPatriotismo-Perú.
942 _cBK
_e2025-04-28
_zAAOH
999 _c10856
_d10856